000 00266nam a22000977a 4500
008 230424b |||||||| |||| 00| 0 eng d
020 _a9789389845099
100 _aKaur Harmeet
_97670
245 _aArtificial Intelligence-IX
260 _aNew Delhi
_bBPB Publications
_c2020
999 _c12273
_d12273